000 00605nam a2200217Ia 4500
003 OSt
005 20220923230918.0
006 a|||||r|||| 00| 0
007 ta
008 Pun
024 _a306,398
037 _cTextual
040 _aARTS
_cARTS
_bPun
041 _2Pun
_aPun
082 _aO153,6NRAx, M2
100 _aਰੰਧਾਵਾ, ਮਹਿੰਦਰ ਸਿੰਘ
245 0 _aਪੱਤੇ ਪੱਤੇ ਗੋਬਿੰਦ ਬੈਠਾ
260 _c1982
942 _hO153,6NRAx, M2
_cTEXL
_2CC
999 _c388184
_d388184